| 000 | 00793cam a2200253 i 4500 | ||
|---|---|---|---|
| 999 |
_c200454520 _d72732 |
||
| 001 | 99670973406676 | ||
| 003 | TR-AnTOB | ||
| 005 | 20230927142834.0 | ||
| 008 | 690430s2021 nyu|||| |||| 001 0|eng | ||
| 020 | _a9786057484147 | ||
| 040 |
_aTR-AnTOB _beng _erda _cTR-AnTOB |
||
| 041 | 0 | _atur | |
| 060 | _aWG 340 | ||
| 096 |
_aWG340 _bB618 2021 TıpFaK |
||
| 245 | 1 | 0 |
_aBirinci basamakta diyabet : _btanı ve tedavisi / _cEditör Muhammed Kızılgül. |
| 264 | 1 |
_aAnkara : _bMediHealth Academy Yayıncılık, _c2021. |
|
| 300 |
_aviii, 92 pages : _billustrations ; _c28 cm |
||
| 336 |
_atext _btxt _2rdacontent |
||
| 337 |
_aunmediated _bn _2rdamedia |
||
| 338 |
_avolume _bnc _2rdacarrier |
||
| 700 | 1 |
_aKızılgül, Muhammed _9143747 _eeditor |
|
| 942 |
_2NLM _cBK |
||